000
00282 a2200109 4500
001
51203
040
_c
Anchieta - Pituba
240
1
0
_a
Schulen partner der zukunft
_l
245
1
0
_a
Schulen partner der zukunft
650
4
_a
Línguas germânicas (teutônicas) língua alemã
942
_c
MX
999
_c
51203
_d
51203